Библиографическая заметка о монографии Н. Соколова "О марганцевых рудах третичных отложений Екатеринославской губернии и окрестностей Кривого Рога"; Вестник золотопромышленности и горного дела вообще; Т. 12, № 1-24

מידע ביבליוגרפי
Parent link:Вестник золотопромышленности и горного дела вообще: технико-экономический журнал.— , 1892, 1894-1906
Т. 12, № 1-24.— 1903
מחבר ראשי: Емельянов А. В.
סיכום:Статья опубл.: № 16, С. 254-255
שפה:רוסית
יצא לאור: 1903
נושאים:
פורמט: Book Chapter
KOHA link:https://koha.lib.tpu.ru/cgi-bin/koha/opac-detail.pl?biblionumber=591658

MARC

LEADER 00000naa2a2200000 4500
001 591658
005 20231101131655.0
035 |a (RuTPU)RU\TPU\tpu\2161 
090 |a 591658 
100 |a 20011210b1903 k y0rusy50 ca 
101 0 |a rus 
102 |a RU 
200 1 |a Библиографическая заметка о монографии Н. Соколова "О марганцевых рудах третичных отложений Екатеринославской губернии и окрестностей Кривого Рога"  |f А. В. Емельянов 
300 |a Статья опубл.: № 16, С. 254-255 
461 1 |0 (RuTPU)RU\TPU\prd\968  |t Вестник золотопромышленности и горного дела вообще  |o технико-экономический журнал  |d 1892, 1894-1906 
463 1 |0 (RuTPU)RU\TPU\prd\216731  |t Т. 12, № 1-24  |d 1903 
610 1 |a геолого-географические науки 
610 1 |a труды учёных ТПУ 
700 1 |a Емельянов  |b А. В. 
801 0 |a RU  |b 63413507  |c 20011210  |g PSBO 
801 2 |a RU  |b 63413507  |c 20221208  |g PSBO 
942 |c BK